00718 2200241 4500001002100000005001500021035002500036090002100061245012000082260003600202300002200238084002000260007000300280008004100283040001700324082001800341100001900359650002200378850001200400999002100412020002200433990002100455YOGYA00000000008235920250620014625 a0010-081400000082076 aCB-D.11 2010-203 aLengkap menu sehat hamil :bpanduan memilih makanan sehat dan tepat bagi perempuan yang sedang hamil /cDS.Prasetyo aYogyakarta :bGraha Ilmu,c2010 a232 hlm. :b18 cm a613.04244 PRA lta131203s2010 yoi g ind d aYOPDYOGbind 222a613.04244 aPrasetyo, DS. aGizi wanita hamil aYOPDYOG aCB-D.11/2010-203 a978-602-955-648-3 aCB-D.11/2010-203